Pilot project[s] for the utilization of rural manpower (series I) case studies. (Record no. 76123)

MARC details
000 -LEADER
fixed length control field 00857cam a22002411 4500
001 - CONTROL NUMBER
control field sa 67006718
003 - CONTROL NUMBER IDENTIFIER
control field DLC
005 - DATE AND TIME OF LATEST TRANSACTION
control field 20260227112410.0
008 - FIXED-LENGTH DATA ELEMENTS--GENERAL INFORMATION
fixed length control field 861126s1962 ii 000 0 eng
010 ## - LIBRARY OF CONGRESS CONTROL NUMBER
LC control number sa 67006718
025 ## - OVERSEAS ACQUISITION NUMBER
Overseas acquisition number PL480:I-E-7909
035 ## - SYSTEM CONTROL NUMBER
System control number (OCoLC)14876461
040 ## - CATALOGING SOURCE
Original cataloging agency DLC
Transcribing agency WaU
Modifying agency WaU
-- DLC
042 ## - AUTHENTICATION CODE
Authentication code premarc
050 00 - LIBRARY OF CONGRESS CALL NUMBER
Classification number HD4291
Item number .A53
110 1# - MAIN ENTRY--CORPORATE NAME
Corporate name or jurisdiction name as entry element India.
Subordinate unit Planning Commission.
-- Programme Evaluation Organisation.
245 10 - TITLE STATEMENT
Title Pilot project[s] for the utilization of rural manpower (series I) case studies.
260 ## - PUBLICATION, DISTRIBUTION, ETC.
Place of publication, distribution, etc. [New Delhi]
Date of publication, distribution, etc. 1962.
300 ## - PHYSICAL DESCRIPTION
Extent xi, 212 p.
Dimensions 29 cm.
500 ## - GENERAL NOTE
General note Cover title: Case studies of pilot projects (series I) for the utilization of rural manpower.
650 #0 - SUBJECT ADDED ENTRY--TOPICAL TERM
Topical term or geographic name entry element Public works
Geographic subdivision India
Form subdivision Case studies.
740 0# - ADDED ENTRY--UNCONTROLLED RELATED/ANALYTICAL TITLE
Uncontrolled related/analytical title Case studies of pilot projects (series I) for the utilization of manpower.

No items available.

Powered by Koha